[Event "Regency Masters A"]
[Site "Ramsgate"]
[Date "1979.11.08"]
[Round "9"]
[White "Niklasson, Christer"]
[Black "Kaiszauri, Konstanty"]
[Result "1/2-1/2"]
[WhiteElo "2385"]
[BlackElo "2405"]
[PlyCount "62"]
[EventDate "1979.10.30"]
[EventType "tourn"]
[EventRounds "9"]
[EventCountry "ENG"]
[EventCategory "4"]

1. d4 Nf6 2. c4 e6 3. Nf3 Bb4+ 4. Nbd2 c5 5. e3 d5 6. a3 Bxd2+ 7. Bxd2 cxd4 8. exd4 dxc4 9. Bxc4 O-O 10. Bg5 b6 11. Ne5 Ba6 12. Bxa6 Nxa6 13. Ng4 Kh8 14. O-O Nc7 15. Qf3 Ncd5 16. Rac1 Qe7 17. Rc2 Rac8 18. Rfc1 Rxc2 19. Rxc2 Rd8 20. h3 h6 21. Bh4 g5 22. Bg3 Nxg4 23. hxg4 Kg7 24. Be5+ f6 25. Bg3 Qd7 26. Qe4 Rc8 27. Re2 Rc1+ 28. Kh2 Rc6 29. Re1 Ne7 30. f3 b5 31. Re2 Qd5 1/2-1/2

[Event "Regency Masters A"]
[Site "Ramsgate"]
[Date "1979.11.08"]
[Round "9"]
[White "Plaskett, H James"]
[Black "Macdonald-Ross, Michael"]
[Result "1-0"]
[WhiteElo "2410"]
[BlackElo "2265"]
[PlyCount "53"]
[EventDate "1979.10.30"]
[EventType "tourn"]
[EventRounds "9"]
[EventCountry "ENG"]
[EventCategory "4"]

1. e4 c6 2. c4 e5 3. Nf3 d6 4. d4 Nd7 5. Nc3 Ngf6 6. Be2 g6 7. O-O Bg7 8. Re1 O-O 9. Bf1 exd4 10. Nxd4 Re8 11. Bf4 Ne5 12. Qd2 a5 13. Rad1 a4 14. f3 Nfd7 15. Kh1 Nc5 16. Be3 Qa5 17. h3 a3 18. b3 Na6 19. Na4 Nb4 20. Nf5 gxf5 21. Bb6 Nxf3 22. gxf3 Qe5 23. exf5 c5 24. Rxe5 Bxe5 25. f4 Bd4 26. Qg2+ Kh8 27. Rxd4 1-0

[Event "Regency Masters B"]
[Site "Ramsgate"]
[Date "1979.10.30"]
[Round "1"]
[White "Cuartas, Carlos Enrique"]
[Black "Van der Sterren, Paul"]
[Result "1-0"]
[WhiteElo "2425"]
[BlackElo "2400"]
[PlyCount "73"]
[EventDate "1979.10.30"]
[EventType "tourn"]
[EventRounds "9"]
[EventCountry "ENG"]
[EventCategory "4"]

1. e4 c5 2. Nf3 e6 3. d4 cxd4 4. Nxd4 Nf6 5. Nc3 d6 6. g4 a6 7. g5 Nfd7 8. Be3 Nc6 9. h4 Be7 10. Qe2 Qc7 11. O-O-O Na5 12. Nf5 exf5 13. Nd5 Qd8 14. exf5 O-O 15. f6 gxf6 16. gxf6 Bxf6 17. Qh5 Bg7 18. Rg1 Kh8 19. Bd3 f5 20. Rxg7 Kxg7 21. Rg1+ Kh8 22. Bd4+ Ne5 23. Nf4 Rg8 24. Ng6+ Rxg6 25. Rxg6 Nac6 26. Qh6 Qe7 27. Bc3 f4 28. Rg5 Bf5 29. Bxf5 Rg8 30. Rxg8+ Kxg8 31. Be6+ Kh8 32. Bd5 Na7 33. a4 Nc8 34. Qxf4 Nb6 35. Bb3 Nbd7 36. Qg5 Qf8 37. f4 1-0

[Event "Regency Masters B"]
[Site "Ramsgate"]
[Date "1979.10.30"]
[Round "1"]
[White "Pigott, John C"]
[Black "Basman, Michael John"]
[Result "0-1"]
[WhiteElo "2370"]
[BlackElo "2405"]
[PlyCount "58"]
[EventDate "1979.10.30"]
[EventType "tourn"]
[EventRounds "9"]
[EventCountry "ENG"]
[EventCategory "4"]

1. d4 b5 2. e4 Bb7 3. Bxb5 Bxe4 4. Nf3 e6 5. O-O Nf6 6. Re1 Be7 7. c4 c6 8. Ba4 Qb6 9. Nbd2 Bg6 10. c5 Qb7 11. Nc4 Na6 12. Bg5 Nb4 13. Nfe5 Nbd5 14. Qf3 Qc7 15. a3 O-O 16. b4 Rab8 17. Bh4 Qd8 18. Bg3 Nh5 19. Nxg6 fxg6 20. Qd3 Nhf4 21. Qc2 g5 22. Rab1 Bf6 23. Ne5 Qc7 24. Qc4 g6 25. b5 Bxe5 26. Rxe5 cxb5 27. Rxb5 Nb6 28. Qb3 Nxa4 29. Qxa4 Qc6 0-1

[Event "Regency Masters B"]
[Site "Ramsgate"]
[Date "1979.10.31"]
[Round "2"]
[White "Basman, Michael John"]
[Black "Cuartas, Carlos Enrique"]
[Result "1-0"]
[WhiteElo "2405"]
[BlackElo "2425"]
[PlyCount "71"]
[EventDate "1979.10.30"]
[EventType "tourn"]
[EventRounds "9"]
[EventCountry "ENG"]
[EventCategory "4"]

1. d4 e6 2. Nf3 Nf6 3. c3 b6 4. Bg5 Bb7 5. Nbd2 Be7 6. e3 Ne4 7. Bf4 O-O 8. Nxe4 Bxe4 9. Bd3 f5 10. Bxe4 fxe4 11. Nd2 Bg5 12. Bg3 d5 13. Qg4 Rf5 14. c4 Nd7 15. cxd5 Nf6 16. Qe2 exd5 17. h4 Bh6 18. Be5 Qd7 19. Rg1 Rxf2 20. Qxf2 Ng4 21. Qg3 Nxe3 22. Rc1 c5 23. dxc5 Rc8 24. Bf4 Nf5 25. Qg4 Bxf4 26. Qxf4 bxc5 27. Rf1 g6 28. h5 e3 29. Nb3 Qe7 30. hxg6 hxg6 31. Qg4 Rf8 32. Rxc5 Kg7 33. Rc6 Nh4 34. Rxf8 Kxf8 35. Qc8+ Kg7 36. Rc7 1-0

[Event "Regency Masters B"]
[Site "Ramsgate"]
[Date "1979.10.31"]
[Round "2"]
[White "Kouatly, Bachar"]
[Black "Povah, Nigel Edward"]
[Result "0-1"]
[WhiteElo "2335"]
[BlackElo "2325"]
[PlyCount "58"]
[EventDate "1979.10.30"]
[EventType "tourn"]
[EventRounds "9"]
[EventCountry "ENG"]
[EventCategory "4"]

1. d4 Nf6 2. c4 c5 3. d5 e6 4. Nc3 exd5 5. cxd5 d6 6. e4 g6 7. f4 Bg7 8. Nf3 O-O 9. Be2 Re8 10. e5 dxe5 11. fxe5 Ng4 12. Bg5 Qb6 13. O-O c4+ 14. Kh1 Nd7 15. d6 Nf2+ 16. Rxf2 Qxf2 17. Bxc4 Nxe5 18. Ne4 Qb6 19. Nxe5 Rxe5 20. Nf6+ Bxf6 21. Bxf6 Rf5 22. Be7 Bd7 23. b3 Qc5 24. a4 a6 25. Qe2 Rf2 26. b4 Qd4 27. Qe1 Rc8 28. Rd1 Qg4 29. Qg1 Rxc4 0-1

[Event "Regency Masters B"]
[Site "Ramsgate"]
[Date "1979.10.31"]
[Round "2"]
[White "Van der Weide, Piet"]
[Black "Van der Sterren, Paul"]
[Result "1-0"]
[WhiteElo "2290"]
[BlackElo "2400"]
[PlyCount "73"]
[EventDate "1979.10.30"]
[EventType "tourn"]
[EventRounds "9"]
[EventCountry "ENG"]
[EventCategory "4"]

1. e4 e6 2. d3 c5 3. g3 Nc6 4. Bg2 d5 5. Nd2 Nf6 6. Ngf3 Be7 7. O-O b6 8. Re1 Bb7 9. Qe2 Qc7 10. c3 d4 11. e5 dxc3 12. bxc3 Nd5 13. Bb2 a6 14. Ne4 b5 15. Rac1 Nb6 16. c4 bxc4 17. dxc4 O-O-O 18. Nd6+ Bxd6 19. exd6 Rxd6 20. Bxg7 Rg8 21. Ba1 Nd7 22. Rcd1 Rxd1 23. Rxd1 Nb6 24. h4 Rd8 25. Rxd8+ Qxd8 26. Ne5 Nxe5 27. Bxb7+ Kxb7 28. Bxe5 Qd7 29. Qe4+ Ka7 30. Qxh7 Nxc4 31. Qh8 Qb7 32. Bc3 Nd6 33. Qd8 Ne4 34. Be5 f5 35. h5 Qf7 36. h6 Kb7 37. f3 1-0

[Event "Regency Masters B"]
[Site "Ramsgate"]
[Date "1979.10.31"]
[Round "2"]
[White "Wedberg, Tom"]
[Black "Pigott, John C"]
[Result "1-0"]
[WhiteElo "2425"]
[BlackElo "2370"]
[PlyCount "99"]
[EventDate "1979.10.30"]
[EventType "tourn"]
[EventRounds "9"]
[EventCountry "ENG"]
[EventCategory "4"]

1. e4 c5 2. Nf3 e6 3. d4 cxd4 4. Nxd4 Nf6 5. Nc3 d6 6. g3 Be7 7. Bg2 O-O 8. O-O Nc6 9. Re1 Qb6 10. Nb3 Rd8 11. Be3 Qc7 12. Nb5 Qb8 13. c4 Bd7 14. Qe2 Be8 15. Rac1 Nd7 16. N3d4 Nde5 17. f4 Nxd4 18. Bxd4 Nc6 19. Bc3 a6 20. Nd4 Qa7 21. Qf2 Bf6 22. Nxc6 Qxf2+ 23. Kxf2 Bxc6 24. Bxf6 gxf6 25. Re3 Kf8 26. g4 Ke7 27. Rh3 Rg8 28. Bf3 Rg7 29. Rh5 Rc8 30. c5 Rd8 31. cxd6+ Rxd6 32. Ke3 Rd8 33. Be2 Rd6 34. h3 Rg8 35. Rxh7 Rgd8 36. g5 fxg5 37. fxg5 e5 38. Rf1 Rd4 39. Rhxf7+ Kd6 40. Bf3 Kc5 41. Rc1+ Kb4 42. Rc3 Rh8 43. Re7 Rxh3 44. Rxe5 Rd8 45. a3+ Ka4 46. Kf2 Rh7 47. Ke1 Rhd7 48. g6 Bb5 49. Rd5 Ka5 50. g7 1-0

[Event "Regency Masters B"]
[Site "Ramsgate"]
[Date "1979.11.??"]
[Round "3"]
[White "Cuartas, Carlos Enrique"]
[Black "Wedberg, Tom"]
[Result "0-1"]
[WhiteElo "2425"]
[BlackElo "2425"]
[PlyCount "84"]
[EventDate "1979.10.30"]
[EventType "tourn"]
[EventRounds "9"]
[EventCountry "ENG"]
[EventCategory "4"]

1. e4 e5 2. Nc3 Nf6 3. g3 Bc5 4. Bg2 Nc6 5. Nge2 d6 6. O-O h5 7. Nd5 h4 8. b4 Nxb4 9. Nxb4 hxg3 10. hxg3 Bxb4 11. c3 Ba5 12. d4 Bh3 13. Bxh3 Rxh3 14. dxe5 dxe5 15. Qa4+ c6 16. Rd1 Qc7 17. Kg2 Rh5 18. Ba3 b5 19. Qc2 Ng4 20. Rh1 Rxh1 21. Rxh1 O-O-O 22. Rh4 Nf6 23. Bc1 Qd7 24. Bg5 Qd3 25. Qxd3 Rxd3 26. Bxf6 gxf6 27. Rh7 Rd7 28. g4 Bd8 29. Ng3 Kc7 30. Nf5 Kb6 31. Nh6 Kc5 32. Nxf7 Ba5 33. f4 exf4 34. e5 fxe5 35. g5 e4 36. g6 Bxc3 37. g7 Bxg7 38. Rxg7 Kd4 39. Kf2 c5 40. Ng5 Rxg7 41. Ne6+ Kd3 42. Nxg7 Kd2 0-1

[Event "Regency Masters B"]
[Site "Ramsgate"]
[Date "1979.11.??"]
[Round "3"]
[White "Povah, Nigel Edward"]
[Black "Van der Weide, Piet"]
[Result "1-0"]
[WhiteElo "2325"]
[BlackElo "2290"]
[PlyCount "59"]
[EventDate "1979.10.30"]
[EventType "tourn"]
[EventRounds "9"]
[EventCountry "ENG"]
[EventCategory "4"]

1. e4 e5 2. Nf3 d6 3. d4 exd4 4. Nxd4 g6 5. Nc3 Bg7 6. Be3 Nf6 7. Qd2 O-O 8. O-O-O a6 9. f3 Re8 10. Bh6 Bh8 11. h4 b5 12. g4 Bb7 13. h5 Nbd7 14. hxg6 fxg6 15. g5 Nh5 16. Rxh5 gxh5 17. Bh3 Ne5 18. Nd5 Bc8 19. Bf5 c6 20. Nf6+ Bxf6 21. gxf6 Qxf6 22. Rg1+ Ng6 23. Bg5 Qf7 24. Bxc8 Raxc8 25. Nf5 Qe6 26. Nh6+ Kg7 27. f4 Qxe4 28. Qc3+ Ne5 29. fxe5 dxe5 30. Be7+ 1-0

[Event "Regency Masters B"]
[Site "Ramsgate"]
[Date "1979.11.??"]
[Round "4"]
[White "Kouatly, Bachar"]
[Black "Pigott, John C"]
[Result "1-0"]
[WhiteElo "2335"]
[BlackElo "2370"]
[PlyCount "71"]
[EventDate "1979.10.30"]
[EventType "tourn"]
[EventRounds "9"]
[EventCountry "ENG"]
[EventCategory "4"]

1. d4 Nf6 2. c4 g6 3. Nc3 Bg7 4. e4 d6 5. f4 O-O 6. Nf3 c5 7. d5 e6 8. dxe6 Bxe6 9. Bd3 a6 10. f5 Bd7 11. O-O b5 12. Bg5 Bc6 13. Qd2 Nbd7 14. Bc2 Nb6 15. b3 bxc4 16. Rad1 Qc8 17. Qxd6 Nfd7 18. f6 Bh8 19. Qf4 Re8 20. Rd6 cxb3 21. axb3 Nf8 22. Nd5 Bxd5 23. exd5 Qb7 24. Rd1 Rad8 25. Rxd8 Rxd8 26. Be4 Nc8 27. Ne5 Qxb3 28. Rf1 Rxd5 29. Ng4 h5 30. Nh6+ Kh7 31. Nxf7 Ne6 32. Bxd5 Qxd5 33. Qb8 Nxg5 34. Nxg5+ Qxg5 35. f7 Bg7 36. Qxc8 1-0

[Event "Regency Masters B"]
[Site "Ramsgate"]
[Date "1979.11.??"]
[Round "4"]
[White "Van der Weide, Piet"]
[Black "Basman, Michael John"]
[Result "1/2-1/2"]
[WhiteElo "2290"]
[BlackElo "2405"]
[PlyCount "63"]
[EventDate "1979.10.30"]
[EventType "tourn"]
[EventRounds "9"]
[EventCountry "ENG"]
[EventCategory "4"]

1. e4 e6 2. d3 d5 3. Nd2 Nc6 4. Ngf3 b6 5. g3 Bb7 6. Bg2 Nge7 7. O-O g6 8. Re1 Bg7 9. e5 Qd7 10. c3 a5 11. h4 a4 12. Nf1 Na5 13. N1h2 h5 14. Bg5 c5 15. Qd2 Nac6 16. Bh3 d4 17. c4 a3 18. b3 Qc7 19. Bf4 Nf5 20. Bg2 Bh6 21. Re2 Bxf4 22. Qxf4 Nb4 23. Rd1 Bc6 24. Ng5 Bxg2 25. Kxg2 O-O-O 26. Nhf3 Kb8 27. Ne4 Nc6 28. Qc1 Qa7 29. Qg5 Qb7 30. Qc1 Qa7 31. Qg5 Qb7 32. Qc1 1/2-1/2

[Event "Regency Masters B"]
[Site "Ramsgate"]
[Date "1979.11.??"]
[Round "4"]
[White "Wedberg, Tom"]
[Black "Van der Sterren, Paul"]
[Result "1-0"]
[WhiteElo "2425"]
[BlackElo "2400"]
[PlyCount "61"]
[EventDate "1979.10.30"]
[EventType "tourn"]
[EventRounds "9"]
[EventCountry "ENG"]
[EventCategory "4"]

1. e4 e6 2. d4 d5 3. Nc3 Bb4 4. e5 b6 5. Nf3 Qd7 6. Bd2 Ba6 7. Bxa6 Nxa6 8. Qe2 Nb8 9. Nd1 Bf8 10. O-O Ne7 11. Ne3 Ng6 12. Rfc1 c5 13. c4 cxd4 14. Nxd4 Bc5 15. Bc3 Bxd4 16. Bxd4 Nc6 17. Rd1 O-O 18. cxd5 exd5 19. Bc3 d4 20. Nc2 Nf4 21. Qf3 Ne6 22. Rd2 Nxe5 23. Qf5 Nc6 24. Nxd4 Ncxd4 25. Rxd4 Qe7 26. Rg4 g6 27. Re1 Nd4 28. Qh5 Qd7 29. Rxd4 Qxd4 30. Qh6 Rfe8 31. Rf1 1-0

[Event "Regency Masters B"]
[Site "Ramsgate"]
[Date "1979.11.??"]
[Round "5"]
[White "Basman, Michael John"]
[Black "Wedberg, Tom"]
[Result "0-1"]
[WhiteElo "2405"]
[BlackElo "2425"]
[PlyCount "54"]
[EventDate "1979.10.30"]
[EventType "tourn"]
[EventRounds "9"]
[EventCountry "ENG"]
[EventCategory "4"]

1. d4 Nf6 2. Nf3 e6 3. c3 b6 4. g3 Bb7 5. Bg2 Be7 6. O-O O-O 7. Bg5 h6 8. Bxf6 Bxf6 9. Nbd2 d5 10. Ne1 c5 11. dxc5 bxc5 12. Nd3 Nd7 13. Re1 Rb8 14. Rb1 c4 15. Nf4 Nc5 16. e4 Bg5 17. exd5 Bxf4 18. gxf4 Bxd5 19. Bxd5 exd5 20. Qg4 Nd3 21. Re3 Rxb2 22. Rxb2 Nxb2 23. Rg3 Qf6 24. Nf3 Nd3 25. Nd4 Rb8 26. f5 Rb1+ 27. Kg2 Rb2 0-1

[Event "Regency Masters B"]
[Site "Ramsgate"]
[Date "1979.11.??"]
[Round "5"]
[White "Cuartas, Carlos Enrique"]
[Black "Kouatly, Bachar"]
[Result "1/2-1/2"]
[WhiteElo "2425"]
[BlackElo "2335"]
[PlyCount "78"]
[EventDate "1979.10.30"]
[EventType "tourn"]
[EventRounds "9"]
[EventCountry "ENG"]
[EventCategory "4"]

1. e4 c5 2. Nf3 Nc6 3. Bb5 g6 4. O-O Bg7 5. Re1 e5 6. Bxc6 dxc6 7. d3 Qe7 8. a3 Nh6 9. b4 cxb4 10. axb4 Qxb4 11. Ba3 Qb6 12. Nbd2 Be6 13. Ng5 Bg4 14. Qc1 Rd8 15. h3 Bc8 16. Ngf3 Qc7 17. Nc4 f6 18. Bb4 b6 19. d4 Nf7 20. c3 a5 21. Ba3 b5 22. Ne3 Nd6 23. Bxd6 Rxd6 24. dxe5 fxe5 25. c4 b4 26. c5 Rf6 27. Nc4 O-O 28. Nd6 Rxf3 29. gxf3 Bxh3 30. Qc4+ Kh8 31. Kh2 Qd7 32. Rxa5 Be6 33. Ra7 Qxd6 34. cxd6 Bxc4 35. Rc7 Rd8 36. d7 b3 37. Rc8 Bf6 38. Rxc6 Bd3 39. Rxf6 b2 1/2-1/2

[Event "Regency Masters B"]
[Site "Ramsgate"]
[Date "1979.11.??"]
[Round "5"]
[White "Pigott, John C"]
[Black "Povah, Nigel Edward"]
[Result "1/2-1/2"]
[WhiteElo "2370"]
[BlackElo "2325"]
[PlyCount "99"]
[EventDate "1979.10.30"]
[EventType "tourn"]
[EventRounds "9"]
[EventCountry "ENG"]
[EventCategory "4"]

1. c4 e5 2. g3 Nf6 3. Bg2 c6 4. d4 exd4 5. Qxd4 Be7 6. Nf3 O-O 7. O-O d5 8. cxd5 Nxd5 9. Rd1 Bf6 10. Qa4 Na6 11. e4 Nc5 12. Qc2 Nb4 13. Qe2 Qa5 14. e5 Be7 15. Nd4 Rd8 16. Na3 Ncd3 17. Be3 Qxe5 18. Nc4 Qf6 19. a3 c5 20. Nf3 Qa6 21. b3 Bf6 22. Rab1 b5 23. Nce5 Bf5 24. axb4 Nxe5 25. Nxe5 Bxb1 26. Bxa8 Rxa8 27. Nd7 Bg6 28. bxc5 Qc6 29. Nxf6+ Qxf6 30. Bd4 Qf5 31. c6 Bh5 32. f3 Bxf3 33. Qf2 Qd5 34. Rc1 Rc8 35. Bxa7 Rxc6 36. Rxc6 Qxc6 37. Qc5 Qa6 38. Qd4 Qc8 39. Bc5 h6 40. Kf2 Bc6 41. Qd6 Qf5+ 42. Ke3 Qf3+ 43. Kd2 Qh1 44. Kc3 Kh7 45. Qd3+ Be4 46. Qe3 f5 47. h4 Qd1 48. Kb4 Bc2 49. Qc3 Bd3 50. Bd4 1/2-1/2

[Event "Regency Masters B"]
[Site "Ramsgate"]
[Date "1979.11.??"]
[Round "6"]
[White "Povah, Nigel Edward"]
[Black "Cuartas, Carlos Enrique"]
[Result "1-0"]
[WhiteElo "2325"]
[BlackElo "2425"]
[PlyCount "65"]
[EventDate "1979.10.30"]
[EventType "tourn"]
[EventRounds "9"]
[EventCountry "ENG"]
[EventCategory "4"]

1. e4 c5 2. Nf3 Nc6 3. d4 cxd4 4. Nxd4 Nf6 5. Nc3 e5 6. Ndb5 d6 7. Bg5 a6 8. Na3 b5 9. Bxf6 gxf6 10. Nd5 f5 11. Bd3 Be6 12. Qh5 Bg7 13. O-O f4 14. Kh1 Ne7 15. Nxe7 Qxe7 16. Nb1 Qf6 17. a4 b4 18. a5 Bh6 19. Qe2 f3 20. Qxf3 Qxf3 21. gxf3 Ke7 22. Rd1 Bh3 23. c3 Rhg8 24. Bf1 Be6 25. cxb4 Rg6 26. Nc3 Rag8 27. Bxa6 Bh3 28. Nd5+ Kf8 29. Rg1 Rg2 30. Bb7 Rxf2 31. Rxg8+ Kxg8 32. Rg1+ Kf8 33. a6 1-0

[Event "Regency Masters B"]
[Site "Ramsgate"]
[Date "1979.11.??"]
[Round "6"]
[White "Van der Weide, Piet"]
[Black "Wedberg, Tom"]
[Result "0-1"]
[WhiteElo "2290"]
[BlackElo "2425"]
[PlyCount "90"]
[EventDate "1979.10.30"]
[EventType "tourn"]
[EventRounds "9"]
[EventCountry "ENG"]
[EventCategory "4"]

1. e4 e5 2. Nc3 Bc5 3. Nf3 d6 4. d4 exd4 5. Nxd4 Nc6 6. Nb3 Bb6 7. Bd3 Qh4 8. Qf3 Nf6 9. O-O Ne5 10. Qg3 Qxg3 11. hxg3 Bd7 12. a4 Be6 13. Bb5+ c6 14. a5 Bxf2+ 15. Rxf2 cxb5 16. Nxb5 Kd7 17. Bf4 Nxe4 18. Re2 f5 19. Nxd6 Kxd6 20. Rd1+ Ke7 21. Bxe5 Bxb3 22. cxb3 Rhd8 23. Rxd8 Rxd8 24. Bxg7 Kf7 25. Be5 Rd5 26. Bc7 Rd1+ 27. Kh2 Nf6 28. g4 Rd3 29. g3 Nxg4+ 30. Kg2 Rxb3 31. Bb8 a6 32. Ba7 Nf6 33. Rc2 Ne4 34. Bb8 Ke6 35. Kh3 Nxg3 36. Kh4 Ne4 37. Rc7 Rb4 38. Rc2 Rd4 39. Rc7 Rd1 40. Kh3 Rd3+ 41. Kh4 Rd7 42. Rc2 Rg7 43. b4 Rg4+ 44. Kh3 Ng5+ 45. Kh2 Rxb4 0-1

[Event "Regency Masters B"]
[Site "Ramsgate"]
[Date "1979.11.??"]
[Round "7"]
[White "Basman, Michael John"]
[Black "Kouatly, Bachar"]
[Result "0-1"]
[WhiteElo "2405"]
[BlackElo "2335"]
[PlyCount "106"]
[EventDate "1979.10.30"]
[EventType "tourn"]
[EventRounds "9"]
[EventCountry "ENG"]
[EventCategory "4"]

1. e4 c5 2. Nc3 Nc6 3. g3 g6 4. Bg2 Rb8 5. d3 b5 6. f4 b4 7. Nce2 d6 8. Nf3 Bg7 9. O-O e6 10. Nh4 Nd4 11. f5 exf5 12. Nxd4 Bxd4+ 13. Kh1 fxe4 14. Bxe4 d5 15. Bg2 Ne7 16. Bh6 Bxb2 17. Qf3 f5 18. Rae1 Rb6 19. Qf2 Bd4 20. Be3 Bxe3 21. Qxe3 Qd6 22. Re2 d4 23. Qh6 Qf6 24. Rfe1 Re6 25. Rxe6 Bxe6 26. Qf4 Kd7 27. Nf3 Nd5 28. Ne5+ Kc8 29. Qf3 g5 30. Nc4 g4 31. Qe2 Kd7 32. Kg1 Bf7 33. Ne5+ Kc8 34. Nxf7 Qxf7 35. Bxd5 Qxd5 36. Qe7 Rd8 37. Qxa7 Qc6 38. Qf7 Qd5 39. Qxh7 Rd7 40. Qg6 Kb7 41. Qe8 Qf7 42. Qe5 Rc7 43. a3 bxa3 44. Rb1+ Kc8 45. Qh8+ Kd7 46. Re1 Rc8 47. Qh6 Rc6 48. Qf4 Re6 49. Ra1 Qe8 50. Qxf5 Kc6 51. Qf2 a2 52. Qg2+ Kb6 53. Qf1 Re2 0-1

[Event "Regency Masters B"]
[Site "Ramsgate"]
[Date "1979.11.??"]
[Round "7"]
[White "Pigott, John C"]
[Black "Van der Weide, Piet"]
[Result "1/2-1/2"]
[WhiteElo "2370"]
[BlackElo "2290"]
[PlyCount "111"]
[EventDate "1979.10.30"]
[EventType "tourn"]
[EventRounds "9"]
[EventCountry "ENG"]
[EventCategory "4"]

1. e4 c5 2. Nf3 e6 3. d4 cxd4 4. Nxd4 Nf6 5. Nc3 d6 6. Be2 a6 7. O-O Qc7 8. f4 Be7 9. Kh1 O-O 10. Qe1 b5 11. Bf3 Bb7 12. e5 dxe5 13. fxe5 Nfd7 14. Qg3 Kh8 15. Bf4 Nc6 16. Nf5 exf5 17. e6 Nde5 18. Nd5 Qd6 19. Nxe7 Qxe7 20. Bxe5 Nxe5 21. Bxb7 Qxb7 22. Qxe5 fxe6 23. Qxe6 Rf6 24. Qe2 Raf8 25. c3 h6 26. Qf3 Qxf3 27. Rxf3 g5 28. a4 Rb8 29. axb5 Rxb5 30. b4 Kg7 31. Rd3 f4 32. h3 h5 33. Kg1 Kg6 34. Kf2 g4 35. Rd4 Kg5 36. Ra4 Re5 37. c4 Rfe6 38. Rd5 Rxd5 39. cxd5 Rd6 40. Ra5 Kf5 41. hxg4+ hxg4 42. Ke2 Ke4 43. Ke1 g3 44. b5 axb5 45. Rxb5 Rxd5 46. Rb3 Ra5 47. Rb4+ Kf5 48. Rb8 Ra1+ 49. Ke2 Rg1 50. Rf8+ Kg5 51. Rg8+ Kf5 52. Rf8+ Kg5 53. Rg8+ Kh6 54. Kf3 Rf1+ 55. Kg4 Rf2 56. Rf8 1/2-1/2

[Event "Regency Masters B"]
[Site "Ramsgate"]
[Date "1979.11.??"]
[Round "7"]
[White "Van der Sterren, Paul"]
[Black "Povah, Nigel Edward"]
[Result "1-0"]
[WhiteElo "2400"]
[BlackElo "2325"]
[PlyCount "101"]
[EventDate "1979.10.30"]
[EventType "tourn"]
[EventRounds "9"]
[EventCountry "ENG"]
[EventCategory "4"]

1. Nf3 Nf6 2. g3 b6 3. Bg2 Bb7 4. O-O e6 5. c4 c5 6. b3 Be7 7. Bb2 O-O 8. e3 d6 9. Nc3 Nbd7 10. Qe2 a6 11. Rfd1 Qc7 12. Rac1 Rfd8 13. d4 Ne4 14. d5 Nxc3 15. Bxc3 exd5 16. cxd5 Re8 17. b4 Bf6 18. bxc5 bxc5 19. Nd2 a5 20. Nc4 Bxc3 21. Rxc3 Ba6 22. Qd2 Rab8 23. Bf1 Rb4 24. a3 Rb7 25. Rc2 Bxc4 26. Bxc4 Ne5 27. Be2 a4 28. f4 Nd7 29. Bc4 Nf6 30. Qd3 Qa5 31. Rdd2 Ne4 32. Re2 f5 33. Kg2 g6 34. Rb2 Reb8 35. Rxb7 Rxb7 36. g4 Qd8 37. g5 Qa5 38. Qc2 Kf7 39. Bd3 Nc3 40. Rf2 Rb3 41. Bxf5 Nxd5 42. Qc4 gxf5 43. Qxd5+ Kg7 44. Qxf5 Qa8+ 45. e4 Re3 46. Rd2 Rxe4 47. Kf2 d5 48. Kf3 Qa6 49. Qd7+ Kf8 50. Qxd5 Re7 51. Qxc5 1-0

[Event "Regency Masters B"]
[Site "Ramsgate"]
[Date "1979.11.08"]
[Round "9"]
[White "Cuartas, Carlos Enrique"]
[Black "Van der Weide, Piet"]
[Result "1-0"]
[WhiteElo "2425"]
[BlackElo "2290"]
[PlyCount "71"]
[EventDate "1979.10.30"]
[EventType "tourn"]
[EventRounds "9"]
[EventCountry "ENG"]
[EventCategory "4"]

1. e4 e5 2. Nf3 d6 3. d4 exd4 4. Qxd4 Nf6 5. Nc3 Be7 6. Bg5 O-O 7. O-O-O h6 8. Bf4 Re8 9. Bb5 Bd7 10. Bxd7 Qxd7 11. Rhe1 Bf8 12. e5 dxe5 13. Bxe5 Qxd4 14. Nxd4 Na6 15. Bxf6 Rxe1 16. Rxe1 gxf6 17. Ne4 Kh8 18. Rd1 Rd8 19. Nf5 Rxd1+ 20. Kxd1 Kh7 21. g4 Kg6 22. Nh4+ Kg7 23. Nf5+ Kg6 24. h4 h5 25. f3 Nb4 26. Nfg3 hxg4 27. fxg4 Be7 28. Nf5 Bd8 29. h5+ Kh7 30. Kd2 Nc6 31. Ke3 Ne5 32. Kf4 c6 33. Nfd6 b5 34. Kf5 Kh6 35. b3 Nf3 36. Nxf7+ 1-0

[Event "Regency Masters B"]
[Site "Ramsgate"]
[Date "1979.11.08"]
[Round "9"]
[White "Van der Sterren, Paul"]
[Black "Pigott, John C"]
[Result "1-0"]
[WhiteElo "2400"]
[BlackElo "2370"]
[PlyCount "103"]
[EventDate "1979.10.30"]
[EventType "tourn"]
[EventRounds "9"]
[EventCountry "ENG"]
[EventCategory "4"]

1. d4 Nf6 2. c4 e6 3. g3 c5 4. d5 exd5 5. cxd5 d6 6. Nc3 g6 7. Bg2 Bg7 8. Nf3 O-O 9. O-O a6 10. a4 Nbd7 11. Nd2 Re8 12. Nc4 Nb6 13. Na3 Rb8 14. h3 Qc7 15. e4 c4 16. Be3 Bd7 17. Qd4 Nxa4 18. Nxa4 Bxa4 19. Qxc4 Qxc4 20. Nxc4 Bb5 21. Nxd6 Bxf1 22. Nxe8 Bxg2 23. Nxf6+ Bxf6 24. Kxg2 Bxb2 25. Rb1 Bc3 26. Ba7 Ra8 27. Rxb7 a5 28. d6 a4 29. d7 Ba5 30. Bc5 Bd8 31. e5 Kg7 32. Ba3 g5 33. g4 Kg6 34. Kf1 Kg7 35. Ke2 Kg6 36. Kd3 Kg7 37. Ke3 Kg6 38. Ke4 Kg7 39. Kf5 Kg8 40. Ke4 Kg7 41. Kf5 Kg8 42. f3 Kg7 43. Ke4 Kg6 44. Kd4 Kg7 45. Kc3 Ba5+ 46. Kb2 Bd8 47. Ka2 Kg6 48. Bd6 Kg7 49. Rb8 Rxb8 50. Bxb8 Kg6 51. Bd6 f5 52. e6 1-0

[Event "Regency Masters B"]
[Site "Ramsgate"]
[Date "1979.11.08"]
[Round "9"]
[White "Wedberg, Tom"]
[Black "Povah, Nigel Edward"]
[Result "1-0"]
[WhiteElo "2425"]
[BlackElo "2325"]
[PlyCount "81"]
[EventDate "1979.10.30"]
[EventType "tourn"]
[EventRounds "9"]
[EventCountry "ENG"]
[EventCategory "4"]

1. e4 c5 2. Nf3 e6 3. d4 cxd4 4. Nxd4 Nf6 5. Nc3 Nc6 6. Nxc6 bxc6 7. e5 Nd5 8. Nxd5 cxd5 9. Bd3 g6 10. O-O Bg7 11. Bf4 O-O 12. Qd2 Rb8 13. c3 Re8 14. Rfe1 Bb7 15. a4 Bc6 16. b4 Qc7 17. Qe3 Ba8 18. Bf1 Rec8 19. Rec1 Qb7 20. Rab1 Rc7 21. Bg5 Qb6 22. Qe1 Rbc8 23. Be3 Qb7 24. Bd4 Re8 25. b5 Rcc8 26. Qe3 d6 27. f4 dxe5 28. fxe5 Re7 29. a5 Rd7 30. a6 Qc7 31. Rb3 Bf8 32. b6 axb6 33. Bxb6 d4 34. Bxc7 dxe3 35. Bb6 Bh6 36. Rd1 Rd5 37. Bd4 Kg7 38. a7 Bf4 39. Rb8 Rdd8 40. Rdb1 h5 41. Ba6 1-0